Prabhath garhika vijnana kosam (Record no. 34174)

MARC details
000 -LEADER
fixed length control field 00276nam a2200109Ia 4500
082 ## - DEWEY DECIMAL CLASSIFICATION NUMBER
Item number GOP
100 ## - MAIN ENTRY--AUTHOR NAME
Personal name Gopalakrishnan Nair, R
245 #0 - TITLE STATEMENT
Title Prabhath garhika vijnana kosam
260 ## - PUBLICATION, DISTRIBUTION, ETC. (IMPRINT)
Place of publication Trivandrum
Name of publisher Prabhath
Year of publication 1979
942 ## - ADDED ENTRY ELEMENTS (KOHA)
Koha item type Books
Holdings
Withdrawn status Lost status Damaged status Not for loan Home library Current library Date acquired Full call number Accession Number Koha item type
      Write off RRII Library RRII Library 16/12/2021 GOP 14614 Books